000 00896nam a2200277 a 4500
001 000014152
005 20200929163509.0
008 091205s2002 sp 000 f spa d
020 _a8466305459
040 _aDO-SdBNP
_bspa
_cBNPHU
041 1 7 _aspa
_heng
_2Código de idioma MARC
082 _a813.5
_bF671c
100 1 _aFolsom, Allan,
_d1941-
_931993
240 1 4 _aThe day after tomorrow.
_lEspañol
245 1 0 _aCero absoluto /
_cAllam Folsom ; traducción de Alberto Magnet.
260 _a[Madrid] :
_bSuma de Letras,
_c2002.
300 _a836, [9] p. ;
_c18 cm.
490 1 _aPunto de lectura
_v150/2
534 _pTítulo original en inglés:
_tThe day after tomorrow
650 4 _aNovela estadounidense
_9262
650 4 _aLiteratura estadounidense
_9263
700 1 _aMagnet, Alberto,
_etr.
_931994
830 0 _aPunto de lectura ;
_v150/2
_93047
910 _aWM
049 _aBNGR
999 _c13754
_d13754